000 00407nam a22001697a 4500
005 20251108172307.0
008 250721s1985 xx 000 0 ara d
082 1 4 _a700/فخر
100 1 _aقعوار، فخري
245 1 0 _aأوراق في الفن /
264 1 _aعمان :
_c1985.
300 _a183ص
650 1 7 _aالفن
650 1 7 _aالمقالات
942 _2ddc
_cBK
999 _c75376
_d75376